书目信息 |
| 书名: | The cold and the dark | |
| 作者: | Paul R. Ehrlich ... [et al.] ; foreword by Lewis Thomas. | |
| 分册号: | ||
| 分册名: | 出版地: | New York : |
|
| 出版社: | Norton | |
| 出版时间: | c1984. | |
| 页数: | xxxv, 229 p., [4] p. of plates : | |
| 开本: | 22 cm. | |
| 丛书名: | ||
| 中图分类号: | ||
| 科图分类号: | ||
| 其他分类号: | D815 | |
| 主题词: | ||
| 电子资源: | ||
| 000 | 00935cam 22000253i 45097 | |
| 001 | 0296064070 | |
| 005 | 20070515092355.50 | |
| 008 | 840322m1984 u y aa b 101 0 | |
| 020 | @a0-393-30241-5. | |
| 040 | @aDLC@eDLC | |
| 041 | @aeng | |
| 050 | @aQH545.N83@bC66 1983 | |
| 082 | 04 | @a574.5@219 |
| 090 | @aD815 | |
| 099 | @dD815@ex36 | |
| 100 | 1 | @aEhrlich@cPaul R. |
| 111 | 1 | @aConference on the Long-Term Worldwide Biological Consequences of Nuclear War@d(1983 |
| 245 | 10 | @aThe cold and the dark / @cPaul R. Ehrlich ... [et al.] ; foreword by Lewis Thomas. |
| 250 | @a1st ed. | |
| 260 | 1 | @aNew York :@bNorton,@cc1984. |
| 300 | @axxxv, 229 p., [4] p. of plates :@bill. (some col.) ;@c22 cm. | |
| 500 | @aConference held Oct. 31-Nov. 1, 1983 at the Sheraton Washington Hotel in Washington, D.C. | |
| 504 | @aIncludes bibliographical references and index. | |
| 650 | 4 | @aNuclear warfare@xEnvironmental aspects@xCongresses. |
| The cold and the dark / / Paul R. Ehrlich ... [et al.] ; foreword by Lewis Thomas.-1st ed.-New York : : Norton, , c1984. |
| xxxv, 229 p., [4] p. of plates : : ill. (some col.) ; ; 22 cm. |
| Conference held Oct. 31-Nov. 1, 1983 at the Sheraton Washington Hotel in Washington, D.C.-Includes bibliographical references and index. |
| ISBN 0-393-30241-5. |
| ● |
| 相关链接 |
|
|
|
|
正题名:The cold and the dark
索取号:D815/x36
 
预约/预借
| 序号 | 登录号 | 条形码 | 馆藏地/架位号 | 状态 | 备注 |
| 1 | 9105 | 300091059 | 第二样本阅览室/ [索取号:D815/x36] | 在馆 |